Manual of University laws in Pakistan (Record no. 550221)
[ view plain ]
| 000 -LEADER | |
|---|---|
| fixed length control field | 00524nam a22001817a 4500 |
| 020 ## - INTERNATIONAL STANDARD BOOK NUMBER | |
| International Standard Book Number | 9698961011 |
| 082 ## - DEWEY DECIMAL CLASSIFICATION NUMBER | |
| Classification number | 348 |
| Author Mark | UNI |
| -- | N-01, P-48 |
| 100 ## - MAIN ENTRY--PERSONAL NAME | |
| Personal name | Dr Captain U.A.G Isani |
| 9 (RLIN) | 46934 |
| 245 ## - TITLE STATEMENT | |
| Title | Manual of University laws in Pakistan |
| 250 ## - EDITION STATEMENT | |
| Edition statement | Vol 1 |
| 260 ## - PUBLICATION, DISTRIBUTION, ETC. | |
| Place of publication, distribution, etc. | Karachi |
| Name of publisher, distributor, etc. | Iqra university, Karachi |
| Date of publication, distribution, etc. | 2006 |
| 300 ## - PHYSICAL DESCRIPTION | |
| Extent | P-733 |
| Other physical details | Illus |
| 526 ## - STUDY PROGRAM INFORMATION NOTE | |
| Program name | 0 |
| Interest level | 0 |
| Reading level | 0 |
| Title point value | 348_000000000000000_UNI |
| 526 ## - STUDY PROGRAM INFORMATION NOTE | |
| Program name | 0 |
| Interest level | 0 |
| Reading level | 0 |
| Title point value | 348_000000000000000_UNI |
| 526 ## - STUDY PROGRAM INFORMATION NOTE | |
| Program name | 0 |
| Interest level | 0 |
| Reading level | 0 |
| Title point value | 348_000000000000000_UNI |
| 650 ## - SUBJECT ADDED ENTRY--TOPICAL TERM | |
| Topical term or geographic name entry element | MCE |
| 9 (RLIN) | 379 |
| 942 ## - ADDED ENTRY ELEMENTS (KOHA) | |
| Source of classification or shelving scheme | |
| Koha item type | Book |
| Withdrawn status | Lost status | Source of classification or shelving scheme | Damaged status | Not for loan | Permanent Location | Current Location | Date acquired | Total Checkouts | Full call number | Barcode | Date last seen | Price effective from | Koha item type | Public note |
|---|---|---|---|---|---|---|---|---|---|---|---|---|---|---|
| Military College of Engineering (MCE) | Military College of Engineering (MCE) | 10/28/2014 | 348 UNI | MCE-38295 | 10/28/2014 | 03/14/2021 | Book | Volume-1 | ||||||
| Military College of Engineering (MCE) | Military College of Engineering (MCE) | 10/28/2014 | 348 UNI | MCE-38296 | 10/28/2014 | 03/14/2021 | Book | Volume-2 | ||||||
| Military College of Engineering (MCE) | Military College of Engineering (MCE) | 10/28/2014 | 348 UNI | MCE-38297 | 10/28/2014 | 03/14/2021 | Book | Volume-3 |
